| 000 | 00697nam a22002177a 4500 | ||
|---|---|---|---|
| 999 |
_c11602 _d11602 |
||
| 003 | AR-CdUCM | ||
| 008 | 190404b ||||| |||| 00| 0 spa d | ||
| 040 |
_aMUNICIPALIDAD PROVINCIAL DEL CUSCO _cBIBLIOTECA MUNICIPAL DEL CUSCO |
||
| 082 |
_aC / 869.56 / _bN56C |
||
| 100 |
_aNieto, Luis _911864 |
||
| 245 |
_aCharango : _bromancero cholo / |
||
| 260 |
_aCusco : _bH. G. Rozas, _c1943. |
||
| 300 |
_adel 77, 160 páginas ; _c16 cm. |
||
| 440 |
_aBiblioteca del Instituto Americano de Arte. _n1 _917597 |
||
| 505 | _aContenido: Poesías. | ||
| 650 |
_aPoesía Cusqueña _92323 |
||
| 650 |
_aRomances peruanos _913519 |
||
| 650 |
_aSiglo XX _98 |
||
| 942 |
_2ddc _cLIBROS |
||
| 945 |
_aachl _d2019-04-04 |
||